00563nam a2200157 a 450000500170000000800410001702000180005805000180007624500610009426000590015530000230021444000210023765000110025899900190026995201170028820140412111321.0010323s19uu xx 00 eng d a81-243-0295-2 aERbNu93 1994 aNursery rhymes :brhymes and songs of joy for tiny tots. aBombay :bNavneet Publications (India) Limited,c1994. a1 v. (unp.) ; ill. aVikas Board Book aRhymes c104400d104400 00104050aELbELcERd2001-03-23eDonationg57.00l0oER Nu93 1994pE7706r2014-04-12 00:00:00w2014-04-12yBK